000 00348pam a2200157a 44500
008 230515b2008 xxu||||| |||| 00| 0 eng d
020 _aNULL
041 _aENGLISH
082 _a621.8 LAL
100 _aDR JAGDISH LAL
245 _aTHEORY OF MECHANISMS & MACHINES
250 _a2
260 _aN
_bN/A
_c2008
300 _a975
650 _aNULL
999 _c638929
_d638929